| 000 | 00633nam a22002053i 4500 | ||
|---|---|---|---|
| 999 |
_c8052 _d8052 |
||
| 003 | OSt | ||
| 005 | 20260129175825.0 | ||
| 008 | 251127s2025 xx o ||||0 spa d | ||
| 020 | _a9788411661621 | ||
| 040 | _ccdmr | ||
| 100 | 1 | _aTardivo, Giuliano. | |
| 245 | 1 | 0 |
_aPluralismo y discursos del odio en España e Italia : _bSociología de la Comunicación del Sur de Europa. |
| 264 | 1 |
_aBarcelona : _bEditorial UOC, _c2025. |
|
| 490 | 1 |
_aManuales Series ; _vv.748 |
|
| 650 | 0 |
_9983 _aÈtica periodística _zEuropa |
|
| 650 | 0 |
_91460 _aSociologia de la comunicació |
|
| 776 | 0 | 8 | _z84-11-66162-8 |
| 776 | 0 | 8 | _z84-11-66163-6 |
| 942 | _cMON | ||